| 000 | 00590nam a2200205Ia 4500 | ||
|---|---|---|---|
| 008 | 140626s9999 xx 000 0 und d | ||
| 100 | _aLuthy, Karen. | ||
| 245 |
_aCost-effective as asthma treatments for uninsured or underinsured pediatric patients / _cKaren Luthy ... [et al.]. |
||
| 260 | _cc2012. | ||
| 300 | _a8 : 8, page 636 | ||
| 440 | _aThe Journal for Nurse Practitioners (JNP) | ||
| 521 | _aNUR | ||
| 650 | _aAsthma. | ||
| 650 | _aCost-effective. | ||
| 650 | _aMedication. | ||
| 650 | _aPediatric. | ||
| 650 | _aUnderinsured. | ||
| 650 | _aUninsured. | ||
| 942 | _cSE | ||
| 999 |
_c121436 _d121436 |
||